El trabajo decente: nuevo paradigma para el fortalecimiento de los derechos sociales /
El artículo presenta la propuesta del trabajo decente de la OIT, como una alternativa para revalorizar el trabajo a través del fortalecimiento de los derechos sociales de los trabajadores. La forma como se ha calculado el ITD en este ensayo, esta plenamente vinculada a los principios que guian el ID...
Kaydedildi:
| Yazar: | |
|---|---|
| Diğer Yazarlar: | , |
| Materyal Türü: | Metin |
| Konular: | |
| Etiketler: |
Etiketle
Etiket eklenmemiş, İlk siz ekleyin!
|
MARC
| LEADER | 00000 a a2200000 04500 | ||
|---|---|---|---|
| 001 | 42675 | ||
| 003 | |||
| 040 | |||
| 100 | |a Gálvez Santillán, Elizabeth | ||
| 245 | |a El trabajo decente: |b nuevo paradigma para el fortalecimiento de los derechos sociales / |c Elizabeth Gálvez Santillán ; Esthela Gutiérrez Garza ; Esteban Picazzo Palencia | ||
| 500 | |a elizabethglvez@yahoo.com |a esthelagutierrez@gmail.com |a epicazzo@yahoo.com | ||
| 520 | |a El artículo presenta la propuesta del trabajo decente de la OIT, como una alternativa para revalorizar el trabajo a través del fortalecimiento de los derechos sociales de los trabajadores. La forma como se ha calculado el ITD en este ensayo, esta plenamente vinculada a los principios que guian el IDH, lo cual le da fuerza necesaria para considerar el índice como un referente importante en la elaboración de la política pública. | ||
| 590 | |a RRH/MARZO2012 | ||
| 650 | |a INDICES | ||
| 650 | |a DERECHOS HUMANOS | ||
| 650 | |a DESARROLLO HUMANO | ||
| 650 | |a BIENESTAR SOCIAL | ||
| 700 | |a Gutiérrez Garza, Esthela | ||
| 700 | |a Picazzo Palencia, Esteban | ||
| 773 | |g volumen73, número1 (2011), páginas 73-104 | ||
| 999 | |c 24120 |d 24120 | ||
